Latin America: toward a new reliance on the market /
Guardado en:
| Hovedforfatter: | |
|---|---|
| Format: | Bog |
| Sprog: | English |
| Udgivet: |
New York:
Cambridge University Press,
1995
|
| Tags: |
Tilføj Tag
Ingen Tags, Vær først til at tagge denne postø!
|
MARC
| LEADER | 00000nam a22000007a 4500 | ||
|---|---|---|---|
| 003 | cru CIDCACS/IIS | ||
| 005 | 20171020151624.0 | ||
| 007 | ta | ||
| 008 | 171020t1995 -us|||||r|||| 00| 0 eng d | ||
| 999 | |c 40514 |d 40514 | ||
| 020 | |a 0521478065 | ||
| 040 | |c cru CIDCACS/IIS | ||
| 090 | |a 02.01.01 ST782g | ||
| 100 | 1 | |9 5746 |a Varas, Augusto | |
| 245 | 1 | |a Latin America: |b toward a new reliance on the market / |c Augusto Varas | |
| 260 | |a New York: |b Cambridge University Press, |c 1995 | ||
| 300 | |a 272-308: |b tablas, gráficos | ||
| 773 | 0 | |0 40510 |9 1411 |a Stallings, Barbara |d New York: Cambridge University Press, 1995 |o 17594 |t Global change, regional response: |z 0521478065 | |
| 942 | |2 ddc |c LI | ||



